Sports Quiz

Random Sports or Soccer Quiz

Champions League XIs: Liverpool Quiz Stats

Quiz Updated Dec 8, 2017

Challenge
Share
Tweet
Embed
Score 0/99 Timer 10:00
22 Plays Today
% Correct
Steven Gerrard
98.4%
Steven Gerrard
98.4%
Steven Gerrard
98.4%
Steven Gerrard
98.4%
Steven Gerrard
98.4%
Steven Gerrard
98.4%
Steven Gerrard
98.4%
Steven Gerrard
98.4%
Steven Gerrard
98.2%
Jose Manuel Reina
93.5%
Jose Manuel Reina
93.5%
Jose Manuel Reina
93.5%
Jose Manuel Reina
93.5%
Jose Manuel Reina
93.5%
Jamie Carragher
91.7%
Jamie Carragher
91.7%
Jamie Carragher
91.7%
Jamie Carragher
91.7%
Jamie Carragher
91.7%
Jamie Carragher
91.7%
Jamie Carragher
91.7%
Jamie Carragher
91.7%
Fernando Torres
89.9%
Fernando Torres
89.9%
Fernando Torres
89.9%
Xabi Alonso
87.7%
Xabi Alonso
87.7%
Xabi Alonso
87.7%
Xabi Alonso
87.7%
Jerzy Dudek
87%
Jerzy Dudek
87%
Jerzy Dudek
87%
Simon Mignolet
85.7%
% Correct
Michael Owen
84.4%
Michael Owen
84.4%
Sami Hyypia
80.5%
Sami Hyypia
80.5%
Sami Hyypia
80.5%
Sami Hyypia
80.5%
Sami Hyypia
80.5%
Martin Skrtel
78.3%
Martin Skrtel
78.3%
Martin Skrtel
77.8%
Daniel Agger
76.5%
Daniel Agger
76.5%
John Arne Riise
76.1%
John Arne Riise
76.1%
John Arne Riise
76.1%
John Arne Riise
76.1%
John Arne Riise
76.1%
Glen Johnson
73%
Jordan Henderson
71%
Dirk Kuyt
70.6%
Dirk Kuyt
70.5%
Dirk Kuyt
70.5%
Dirk Kuyt
70.5%
Milan Baros
70.5%
Glen Johnson
70.2%
Luis Garcia
68.5%
Luis Garcia
68.5%
Emile Heskey
68.1%
Emile Heskey
68.1%
Raheem Sterling
67.6%
Steve Finnan
67.3%
Steve Finnan
67.3%
Steve Finnan
67.3%
% Correct
Vladimir Smicer
65.8%
Peter Crouch
64.8%
Peter Crouch
64.8%
Javier Mascherano
64.2%
Javier Mascherano
64.2%
Javier Mascherano
64.2%
Dietmar Hamann
61.9%
Dietmar Hamann
61.9%
Dejan Lovren
60.3%
Alberto Moreno
59.9%
Djimi Traore
58.2%
Djimi Traore
58.2%
Djimi Traore
58.2%
Leiva Lucas
57.1%
Leiva Lucas
56.6%
Ryan Babel
54.8%
Stephane Henchoz
50.6%
Alvaro Arbeloa
48.3%
Alvaro Arbeloa
48.3%
Danny Murphy
44.3%
Danny Murphy
44.3%
Fabio Aurelio
44.1%
Fabio Aurelio
44.1%
Craig Bellamy
42.8%
Joe Allen
39.7%
Yossi Benayoun
37.8%
Albert Riera
36.6%
Mohamed Sissoko
35.3%
Igor Biscan
34.4%
Jermaine Pennant
34.4%
Emiliano Insua
28.2%
Javi Manquillo
25.1%
Salif Diao
20.8%

You're not logged in!

Compare scores with friends on all Sporcle quizzes.
Sign Up with Email
OR
Log In

You Might Also Like...

Show Comments

Extras

Top Quizzes Today


Score Distribution

Your Account Isn't Verified!

In order to create a playlist on Sporcle, you need to verify the email address you used during registration. Go to your Sporcle Settings to finish the process.